000 00625nam a2200241Ia 4500
003 OSt
005 20221005084615.0
006 a|||||r|||| 00| 0
007 ta
008 221004b |||||||| |||| 00| 0 eng d
024 _a27888
037 _cTextual
040 _aCRL
_cCRL
_beng
041 _2eng
_aeng
082 _aCN1, M9
100 _aChopra Deepak
245 0 _aQuantum healing
_b Exploring the frontiers of mind body medicine
260 _aNew York
_bBantam
_c1989
300 _a284p
_ccm.
650 _aPHYSICS
942 _hCN1, M9
_cTEXL
_2cc
999 _c992827
_d992827